Phong tục tập quán và lễ hội của người Việt

Saved in:
Bibliographic Details
Main Author: Nguyễn, Trọng Báu
Format: Book
Language:Vietnamese
Published: Hà Nội. Văn hóa thông tin 2012
Subjects:
Tags: Add Tag
No Tags, Be the first to tag this record!
Institutions: Trung tâm Học liệu Lê Vũ Hùng, Trường Đại học Đồng Tháp
LEADER 00876aam a22002778a 4500
001 00030340
005 20171026081025.0
008 130122s2012 ||||||viesd
041 0 # |a vie 
082 |b PH431T  |a 394.269 597 
100 1 # |a Nguyễn, Trọng Báu 
245 1 0 |a Phong tục tập quán và lễ hội của người Việt  |c Nguyễn Trọng Báu 
260 # # |a Hà Nội.  |b Văn hóa thông tin  |c 2012 
300 # # |a 329 tr.  |c 21 cm. 
653 # # |a Lễ hội 
653 # # |a Việt Nam 
653 # # |a Tập quán 
653 # # |a Phong tục 
852 # # |j KM.0014658  |j KD.0014349  |j KM.0014710 
852 # # |b Kho đọc  |j KD.0014349 
852 # # |b Kho mượn  |j KM.0014658, KM.0014710 
910 |d 22/01/2013 
980 # # |a Trung tâm Học liệu Lê Vũ Hùng, Trường Đại học Đồng Tháp